• 首页
  • 本馆介绍
  • 公告通知
  • 最新文献
  • 馆藏检索
  • 电子资源
  • 读者导购
  • 参考咨询
  • 我的图书馆
  • 登录
  • 详细信息显示
  • 放入我的书架
  • 预约/预借图书
  • 作者相关作品
  • 分类相关作品
  • 丛书相关作品
  • 出版社相关作品

书目信息

  • 表格格式
  • 工作单格式
  • 卡片格式
题名:
临床执业医师课堂讲义
    
 
作者: 汤以恒 , 叶冬 , 鸿雁 主编 ;医学教育网 编
分册:   外科
出版信息: 昆明   云南科技出版社  2018
页数: 359页
开本: 28cm
丛书名: 梦想成真系列辅导丛书
单 册:
中图分类: R4 , R6
科图分类:
主题词: 临床医学--资格考试--自学参考资料 , 外科学--资格考试--自学参考资料
电子资源:
ISBN: 978-7-5416-8790-7
000 01157nam0 2200301 450
001 2370410725
005 20231210201712.79
010    @a978-7-5416-8790-7@dCNY 58.00
100    @a20190826d2018 em y0chiy0120 ea
101 0  @achi
102    @aCN@b530000
105    @aa z 000yy
200 1  @a临床执业医师课堂讲义@Alin chuang zhi ye yi shi ke tang jiang yi@i外科@b专著@f汤以恒,叶冬,鸿雁主编@g医学教育网编
210    @a昆明@c云南科技出版社@d2018
215    @a359页@c图@d28cm
225 1  @a梦想成真系列辅导丛书
300    @a2019国家医师资格考试
330    @a本书分为消化系统、泌尿系统、运动系统、风湿免疫性疾病、其他、实践综合六篇,主要内容包括肝脏疾病、胆道疾病、胰腺疾病、尿液检查、肾小球疾病、骨折概论、上肢骨折、风湿性疾病总论、痛风、围手术期处理、外科患者的营养代谢、发热、胸痛等。
606 0  @a临床医学@x资格考试@j自学参考资料
606 0  @a外科学@x资格考试@j自学参考资料
690    @aR4@v5
690    @aR6@v5
701  0 @a汤以恒@Atang yi heng@4主编
701  0 @a叶冬@Aye dong@4主编
701  0 @a鸿雁@Ahong yan@4主编
712 02 @a医学教育网@Ayi xue jiao yu wang@4编
801  2 @aCN@b辽宁北配@c20231205
905    @aZUCC@dR4@e129:3
    
    临床执业医师课堂讲义.外科/汤以恒,叶冬,鸿雁主编/医学教育网编.-昆明:云南科技出版社,2018
    359页:图;28cm.-(梦想成真系列辅导丛书)
    2019国家医师资格考试
    
    ISBN 978-7-5416-8790-7:CNY 58.00
    本书分为消化系统、泌尿系统、运动系统、风湿免疫性疾病、其他、实践综合六篇,主要内容包括肝脏疾病、胆道疾病、胰腺疾病、尿液检查、肾小球疾病、骨折概论、上肢骨折、风湿性疾病总论、痛风、围手术期处理、外科患者的营养代谢、发热、胸痛等。
●
相关链接 在五车中查询图书 在当当中查询图书 在豆瓣中查询图书


正题名:临床执业医师课堂讲义     索取号:R4/129:3         预约/预借

序号 登录号 条形码 馆藏地/架位号 状态 备注
1 2001547096   2001547096   第四书库/244/ [索取号:R4/129:3] 在馆    
2 2001547097   2001547097   第四书库/244/ [索取号:R4/129:3] 在馆    
3 2001547098   2001547098   第四书库/244/ [索取号:R4/129:3] 在馆    
4 2001547099   2001547099   第四书库/244/ [索取号:R4/129:3] 在馆    
5 2001547100   2001547100   第四书库/244/ [索取号:R4/129:3] 在馆    
6 2001547101   2001547101   第四书库/244/ [索取号:R4/129:3] 在馆    
7 2001547102   2001547102   第四书库/244/ [索取号:R4/129:3] 在馆    
8 2001547103   2001547103   第四书库/244/ [索取号:R4/129:3] 在馆    
9 2001547104   2001547104   第四书库/244/ [索取号:R4/129:3] 在馆    
10 2001547105   2001547105   第四书库/244/ [索取号:R4/129:3] 在馆    
11 2001547106   2001547106   第四书库/244/ [索取号:R4/129:3] 在馆    
12 2001547107   2001547107   第四书库/244/ [索取号:R4/129:3] 在馆    
13 2001547108   2001547108   第四书库/244/ [索取号:R4/129:3] 在馆    
14 2001547109   2001547109   第四书库/244/ [索取号:R4/129:3] 在馆    
15 2001547110   2001547110   第四书库/244/ [索取号:R4/129:3] 在馆    
16 2001547111   2001547111   第四书库/244/ [索取号:R4/129:3] 在馆    
17 2001547112   2001547112   第四书库/244/ [索取号:R4/129:3] 在馆    
18 2001547113   2001547113   第四书库/244/ [索取号:R4/129:3] 在馆    
19 2001547114   2001547114   第四书库/244/ [索取号:R4/129:3] 在馆    
20 2001547115   2001547115   第四书库/244/ [索取号:R4/129:3] 在馆    
21 2001547116   2001547116   第四书库/244/ [索取号:R4/129:3] 在馆    
22 2001547117   2001547117   319书库/ [索取号:R4/129:3] 在馆    
23 2001547118   2001547118   319书库/ [索取号:R4/129:3] 在馆    
24 2001547119   2001547119   319书库/ [索取号:R4/129:3] 在馆    
25 2001547120   2001547120   319书库/ [索取号:R4/129:3] 在馆    
26 2001547121   2001547121   319书库/ [索取号:R4/129:3] 在馆    
27 2001547122   2001547122   319书库/ [索取号:R4/129:3] 在馆    
28 2001547123   2001547123   319书库/ [索取号:R4/129:3] 在馆    
29 2001547124   2001547124   319书库/ [索取号:R4/129:3] 在馆    
30 2001547125   2001547125   319书库/ [索取号:R4/129:3] 在馆    
山东省滨州职业学院图书馆 欢迎您!
大连网信软件有限公司© 版权所有